Индивидуализация учебного процесса при использовании компьютерных программ на примере видео-временных категорий глагола в английском языке; Технический университет: реформы в обществе и открытое образовательное пространство; Т. 2

Detalhes bibliográficos
Parent link:Технический университет: реформы в обществе и открытое образовательное пространство: труды Международной научно-практической конференции, 14-17 мая 1996 г., Томск/ Томский политехнический университет.— , 1996
Т. 2.— 1996.— С. 33-34
Autor principal: Фомин С. А. Сергей Анатольевич
Outros Autores: Слащев И. В. Игорь Владимирович
Idioma:russo
Publicado em: 1996
Assuntos:
Formato: Capítulo de Livro
KOHA link:https://koha.lib.tpu.ru/cgi-bin/koha/opac-detail.pl?biblionumber=52184

MARC

LEADER 00000naa2a2200000 4500
001 52184
005 20251201140550.0
035 |a (RuTPU)RU\TPU\book\54661 
035 |a RU\TPU\book\54544 
090 |a 52184 
100 |a 20030523d1996 k y0rusy50 ca 
101 0 |a rus 
102 |a RU 
200 1 |a Индивидуализация учебного процесса при использовании компьютерных программ на примере видео-временных категорий глагола в английском языке  |f С. А. Фомин, И. В. Слащев 
461 1 |0 (RuTPU)RU\TPU\book\127170  |t Технический университет: реформы в обществе и открытое образовательное пространство  |o труды Международной научно-практической конференции, 14-17 мая 1996 г., Томск  |o в 2 т.  |f Томский политехнический университет  |d 1996 
463 1 |0 (RuTPU)RU\TPU\book\13019  |t Т. 2  |v С. 33-34  |d 1996 
610 1 |a труды учёных ТПУ 
700 1 |a Фомин  |b С. А.  |c доцент  |c кафедра английского языка и технической коммуникации Томского политехнического университета  |g Сергей Анатольевич  |3 (RuTPU)RU\TPU\pers\24588  |9 10886 
701 1 |a Слащев  |b И. В.  |c специалист в области электротехники  |c доцент Томского политехнического университета, кандидат технических наук  |c выпускник ТПИ 1973 г.  |f 1951-  |g Игорь Владимирович  |3 (RuTPU)RU\TPU\pers\26595  |9 12278 
801 1 |a RU  |b 63413507  |c 20030522  |g PSBO 
801 2 |a RU  |b 63413507  |c 20140422  |g PSBO 
942 |c BK